UM Logo

Encyclopedia of body : (Record no. 19517)

MARC details
000 -LEADER
fixed length control field 00625nam a22001697a 4500
008 - FIXED-LENGTH DATA ELEMENTS--GENERAL INFORMATION
fixed length control field 240304b ||||| |||| 00| 0 eng d
020 ## - INTERNATIONAL STANDARD BOOK NUMBER
International Standard Book Number 9781786174321
082 ## - DEWEY DECIMAL CLASSIFICATION NUMBER
Classification number DRef 612.003
Item number F23 2019
100 ## - MAIN ENTRY--PERSONAL NAME
Personal name Farndon, John.
9 (RLIN) 17839
245 ## - TITLE STATEMENT
Title Encyclopedia of body :
Remainder of title from complex body systems to health /
Statement of responsibility, etc. John Farndon and Nicki Lampon.
260 ## - PUBLICATION, DISTRIBUTION, ETC. (IMPRINT)
Place of publication, distribution, etc. United Kingdom :
Name of publisher, distributor, etc. Miles Kelly Publishing Ltd,
Date of publication, distribution, etc. ©2019.
300 ## - PHYSICAL DESCRIPTION
Extent 384 pages :
Other physical details color illustrations ;
Dimensions 23 cm.
500 ## - GENERAL NOTE
General note Includes index.
650 ## - SUBJECT ADDED ENTRY--TOPICAL TERM
Topical term or geographic name as entry element Human anatomy
Form subdivision Encyclopedias, Juvenile.
9 (RLIN) 54263
700 ## - ADDED ENTRY--PERSONAL NAME
Personal name Lampon, Nicki.
Relator term author.
9 (RLIN) 53967
942 ## - ADDED ENTRY ELEMENTS (KOHA)
Source of classification or shelving scheme Dewey Decimal Classification
Koha item type Reference
Holdings
Withdrawn status Lost status Source of classification or shelving scheme Damaged status Not for loan Collection code Home library Current library Date acquired Source of acquisition Cost, normal purchase price Total Checkouts Full call number Barcode Date last seen Price effective from Koha item type
    Dewey Decimal Classification     Reference UM Digos College - LIC UM Digos College - LIC 12/21/2023 Purchased 440.00   DRef 612.003 F23 2019 28034 05/15/2025 03/04/2024 Reference